000 00720nam a22002297a 4500
003 DO-SdBNP
005 20211111104604.0
007 ta
008 211111b2020 dr a|||| |||| 00| 0 spa d
020 _a9789945624106
040 _aDO-SdBNP
_bspa
_cBNPHU
100 1 _aSuriel Saldaña, Cruz
_980585
245 1 0 _aRecetas y salud /
_cCruz Suriel Saldaña ; prólogo Madeline Blasini.
250 _a3ra. ed.
260 _aSanto Domingo :
_bFR Multiservicios,
_c2020.
300 _a186 p. :
_bil. ;
_c21 cm.
500 _aIncluye datos biográficos de la autora en la contracubierta.
590 _aInventariado, 2021 /LP
700 1 _aBlasini, Madeline,
_e pról.
_980586
910 _aLopérez
942 _2ddc
_cLBS1
999 _c50930
_d50930